00472nam a2200181 a 4500001001300000003000900013005001700022008004100039020001000080082001300090100001700103245005000120260003900170300000800209500003500217505002100252650001700273nice12345678IN_TiNIC20260116011813.0050524s1931 tura grs 000 0 trg  ac10000a232bHER aHermans, Son aMesihning Olugh Ismlarib High Name of Christ aTurkibMission Press Kashgarc1931 a26p aincludes index and biblioraphy2 aTurkish language aJesus Christ